000 00657nam a22002177a 4500
003 UA-OsUOA
001 128524
007 ta
008 20180117b un ||||| |||| 00| 0 ukr d
100 _aГупаловська М.Б.
090 _a330477)
_bГ94
942 _cSA
040 _aUA-OsUOA
_bukr
_cUA-OsUOA
_dUA-OsUOA
245 _aРоль фінансового контролю у пенсійній системі України
300 _aС.14-17
955 _a0
041 _aukr
080 _a330477)
773 0 _w128521
_tЕкономіка. Фінанси. Право.
_dК.
_d2017
_g11
650 7 _a330 Економіка взагалі
_2UDC
999 _c416015
_d416015